000 01018nam a2200301 a 4500
008
020 _a0435820958 (cased)
049 _aMAIN
090 _aHN385.5
100 1 _aBrown, Muriel.
245 1 0 _aDespite the welfare state :
_ba report on the SSRC/DHSS programme of research into transmitted deprivation /
_cMuriel Brown and Nicola Madge.
260 _aAldershot, Hants. :
_bAvebury,
_c1982.
300 _axi, 388 p. ;
_c23 cm.
440 0 _aStudies in deprivation and disadvantage.
504 _aIncludes bibliographical references.
500 _aIncludes index.
651 0 _aGreat Britain
_xSocial conditions
_y1945-
650 0 _aEquality.
651 0 _aGreat Britain
_xSocial policy
_y1979-
650 0 _aWelfare state.
650 0 _aPeople with social disabilities
_zGreat Britain.
700 1 _aMadge, Nicola.
907 _a.b10060844
_b08-07-04
_c17-04-03
003
005 20230123133236.0
040 _cNUST
942 _cBOOKS
_kHN385.5
999 _c145216
_d145216